000 00303nam a2200109Ia 4500
001 1276015
005 20260417160439.0
008 260417s9999 xx 000 0 und d
020 _a9786256126329
245 0 _aBöceklerin Çok Çok Gizli Hayatı
_cAyşegül Babalı Ekşioğlu
260 _bKetebe Çocuk
999 _c1276015
_d1276015